Catálogo
 En Linea

Cantar de mio Cid / (Registro nro. 5970)

Detalles MARC
000 -CABECERA
campo de control de longitud fija 00820cam a2200241 a 4500
001 - NÚMERO DE CONTROL
campo de control 000006174
005 - FECHA Y HORA DE LA ÚLTIMA TRANSACCIÓN
campo de control 20200929151947.0
008 - DATOS DE LONGITUD FIJA--INFORMACIÓN GENERAL
campo de control de longitud fija 020625s2002 sp ab 001 p spa
020 ## - NÚMERO INTERNACIONAL ESTÁNDAR DEL LIBRO
Número Internacional Estándar del Libro 8495920077
040 ## - FUENTE DE LA CATALOGACIÓN
Centro catalogador/agencia de origen DO-SdBNP
Centro/agencia transcriptor DLC
Centro/agencia modificador DLC
082 ## - NÚMERO DE LA CLASIFICACIÓN DECIMAL DEWEY
Número de clasificación 861.12
Número de documento/Ítem C229m
245 00 - MENCIÓN DE TÍTULO
Título Cantar de mio Cid /
Mención de responsabilidad, etc. editor, Luis Galván.
260 ## - PUBLICACIÓN, DISTRIBUCIÓN, ETC.
Lugar de publicación, distribución, etc. Madrid :
Nombre del editor, distribuidor, etc. Cooperación Editorial,
-- Universidad de Puerto Rico,
Fecha de publicación, distribución, etc. 2002.
300 ## - DESCRIPCIÓN FÍSICA
Extensión 110 p. :
Otras características físicas il., maps. ;
Dimensiones 21 cm.
490 1# - MENCIÓN DE SERIE
Mención de serie Clásicos populares
Designación de volumen o secuencia no. 2
630 04 - PUNTO DE ACCESO ADICIONAL DE MATERIA--TÍTULO UNIFORME
Título uniforme CANTAR DE MIO CID
9 (RLIN) 17309
600 04 - PUNTO DE ACCESO ADICIONAL DE MATERIA--NOMBRE DE PERSONA
Nombre de persona CID,
Fechas asociadas al nombre 1043-1099
Subdivisión de forma ROMANCES.
9 (RLIN) 17310
650 #4 - PUNTO DE ACCESO ADICIONAL DE MATERIA--TÉRMINO DE MATERIA
Término de materia o nombre geográfico como elemento de entrada Poesía épica española
9 (RLIN) 17311
700 1# - PUNTO DE ACCESO ADICIONAL--NOMBRE DE PERSONA
Nombre de persona Galván, Luis,
Fechas asociadas al nombre 1973-
Término indicativo de función/relación ed.
9 (RLIN) 17312
710 2# - PUNTO DE ACCESO ADICIONAL--NOMBRE DE ENTIDAD CORPORATIVA
Nombre de entidad corporativa o nombre de jurisdicción como elemento de entrada Universidad de Puerto Rico,
9 (RLIN) 17313
830 #0 - PUNTO DE ACCESO ADICIONAL DE SERIE-TÍTULO UNIFORME
Título uniforme Clásicos populares;
Designación de volumen o secuencia no. 2
9 (RLIN) 17314
910 ## - DATOS DE OPCIÓN DEL USUARIO (OCLC)
Datos de opción del usuario Catalogación por copia / LC
Existencias
Estado de retiro Estado de pérdida Restricciones de uso No para préstamo Código de colección Localización permanente Ubicación/localización actual Ubicación en estantería Fecha de adquisición Número de inventario Total de préstamos Signatura topográfica completa Código de barras Fecha visto por última vez Precio válido a partir de Tipo de ítem Koha
    Préstamo interno   Monografías: Libros y Folletos General General En catalogación 26.08.2009 LF1   861.12 C229m 6174-10 25.06.2020 25.06.2020 Préstamo interno

Con tecnología Koha